| 000 | 00659nam a2200229Ia 4500 | ||
|---|---|---|---|
| 003 | OSt | ||
| 005 | 20240813150032.0 | ||
| 008 | 210210b1952 xxu||||| |||| 00| 0 eng d | ||
| 040 | _cAL | ||
| 041 | _aSanskrit | ||
| 082 | _a882/40 | ||
| 100 |
_aNAGARAJAN (K S) _dनागराजन (के एस) _9177082 |
||
| 245 |
_aBharatiya desabhakta charita I _bभारतीय देशभक्त चारिता |
||
| 260 |
_aBengaLUru _b- _c1952 |
||
| 650 |
_aI _9177083 |
||
| 650 |
_adesabhakta _9177084 |
||
| 650 |
_acharita _9177085 |
||
| 650 |
_aBhAratiya _9177086 |
||
| 690 |
_aSanskrit Prose _9177087 |
||
| 906 | _a024305 | ||
| 942 |
_2ddc _cBK |
||
| 999 |
_c149782 _d149782 |
||